000 00395nam a22001571a 4500
003 NEGST
005 20110718133836.0
008 030618s1966 001 0 eng d
100 1 _aAluko, T M,
_d1918-
245 1 0 _aKinsman and foreman /.
260 _aLondon :
_bHeinemann,
_cc1966.
300 _a203p.
590 _aAccession number: 21359
650 0 _aAfrican fiction.
999 _c42656
_d42632